<?xml version="1.0" encoding="UTF-8"?>
<collection xmlns="http://www.loc.gov/MARC21/slim">
 <record>
  <leader>01775nam a2200445 i 4500</leader>
  <controlfield tag="001">elibro.ELB172043</controlfield>
  <controlfield tag="003">FINmELB</controlfield>
  <controlfield tag="005">20210416125959.0</controlfield>
  <controlfield tag="006">m     o  u        </controlfield>
  <controlfield tag="007">cr cn|||||||||</controlfield>
  <controlfield tag="008">210331s2020    sp      o     000 0 spa d</controlfield>
  <datafield tag="020" ind1=" " ind2=" ">
   <subfield code="a">9788413772592</subfield>
   <subfield code="q">(e-book)</subfield>
  </datafield>
  <datafield tag="035" ind1=" " ind2=" ">
   <subfield code="a">(OCoLC)1246314326</subfield>
  </datafield>
  <datafield tag="040" ind1=" " ind2=" ">
   <subfield code="a">FINmELB</subfield>
   <subfield code="b">spa</subfield>
   <subfield code="e">rda</subfield>
   <subfield code="c">FINmELB</subfield>
  </datafield>
  <datafield tag="050" ind1="1" ind2="4">
   <subfield code="a">HV6025</subfield>
   <subfield code="b">N677 2020</subfield>
  </datafield>
  <datafield tag="080" ind1=" " ind2=" ">
   <subfield code="a">343.9</subfield>
  </datafield>
  <datafield tag="082" ind1="0" ind2="4">
   <subfield code="a">364</subfield>
   <subfield code="2">23</subfield>
  </datafield>
  <datafield tag="100" ind1="1" ind2=" ">
   <subfield code="a">Nieto-Cabrera, M. Elena.</subfield>
  </datafield>
  <datafield tag="245" ind1="1" ind2="0">
   <subfield code="a">Discurso y experiencias de personas privadas de libertad.</subfield>
   <subfield code="n">t. I :</subfield>
   <subfield code="b">afectos y emociones en riesgo: desde la perspectiva del tiempo: hombres y mujeres /</subfield>
   <subfield code="c">M. Elena Nieto-Cabrera, Inés María Martínez Cramer, Concepcion Nieto-Morales.</subfield>
  </datafield>
  <datafield tag="264" ind1=" " ind2="1">
   <subfield code="a">Madrid :</subfield>
   <subfield code="b">Dykinson,</subfield>
   <subfield code="c">2020.</subfield>
  </datafield>
  <datafield tag="300" ind1=" " ind2=" ">
   <subfield code="a">1 recurso en línea (200 páginas)</subfield>
  </datafield>
  <datafield tag="336" ind1=" " ind2=" ">
   <subfield code="a">texto</subfield>
   <subfield code="b">txt</subfield>
   <subfield code="2">rdamedia/spa</subfield>
  </datafield>
  <datafield tag="337" ind1=" " ind2=" ">
   <subfield code="a">computadora</subfield>
   <subfield code="b">c</subfield>
   <subfield code="2">rdamedia/spa</subfield>
  </datafield>
  <datafield tag="338" ind1=" " ind2=" ">
   <subfield code="a">recurso en línea</subfield>
   <subfield code="b">cr</subfield>
   <subfield code="2">rdacarrier/spa</subfield>
  </datafield>
  <datafield tag="588" ind1=" " ind2=" ">
   <subfield code="a">Descripción basada en metadatos suministrados por el editor y otras fuentes.</subfield>
  </datafield>
  <datafield tag="590" ind1=" " ind2=" ">
   <subfield code="a">Recurso electrónico. Santa Fe, Arg.: elibro, 2021. Disponible vía World Wide Web. El acceso puede estar limitado para las bibliotecas afiliadas a elibro.</subfield>
  </datafield>
  <datafield tag="650" ind1=" " ind2="0">
   <subfield code="a">Crime and criminals.</subfield>
  </datafield>
  <datafield tag="650" ind1=" " ind2="0">
   <subfield code="a">Sentences (Criminal procedure)</subfield>
  </datafield>
  <datafield tag="650" ind1=" " ind2="0">
   <subfield code="a">Prisons.</subfield>
  </datafield>
  <datafield tag="650" ind1=" " ind2="4">
   <subfield code="a">Delito y delincuentes.</subfield>
  </datafield>
  <datafield tag="650" ind1=" " ind2="4">
   <subfield code="a">Sentencias (Procedimiento penal)</subfield>
  </datafield>
  <datafield tag="650" ind1=" " ind2="4">
   <subfield code="a">Prisiones.</subfield>
  </datafield>
  <datafield tag="655" ind1=" " ind2="4">
   <subfield code="a">Libros electrónicos.</subfield>
  </datafield>
  <datafield tag="700" ind1="1" ind2=" ">
   <subfield code="a">Martínez Cramer, Inés María,</subfield>
   <subfield code="e">autor.</subfield>
  </datafield>
  <datafield tag="700" ind1="1" ind2=" ">
   <subfield code="a">Nieto-Morales, Concepción,</subfield>
   <subfield code="e">autor.</subfield>
  </datafield>
  <datafield tag="797" ind1="2" ind2=" ">
   <subfield code="a">elibro, Corp.</subfield>
  </datafield>
  <datafield tag="856" ind1="4" ind2="0">
   <subfield code="u">https://elibro.net/ereader/unsbiblio/172043</subfield>
  </datafield>
  <datafield tag="950" ind1=" " ind2=" ">
   <subfield code="a">eLibro Cátedra</subfield>
  </datafield>
  <datafield tag="950" ind1=" " ind2=" ">
   <subfield code="a">eLibro Ciencias Sociales</subfield>
  </datafield>
  <datafield tag="950" ind1=" " ind2=" ">
   <subfield code="a">eLibro Cátedra España</subfield>
  </datafield>
 </record>
</collection>
